Vista normal
Vista MARC
Entrada Nombre Personal
Número de registros utilizados en: 1
001 - CONTROL NUMBER
- control field: 1972
003 - CONTROL NUMBER IDENTIFIER
- control field: Cidap
005 - DATE AND TIME OF LATEST TRANSACTION
- control field: 20180123101627.0
008 - FIXED-LENGTH DATA ELEMENTS
- fixed length control field: 180123|| aca||aabn | a|a d
040 ## - CATALOGING SOURCE
- Original cataloging agency: Cidap
- Transcribing agency: Cidap
100 ## - HEADING--PERSONAL NAME
- Personal name: Olvera, Ernesto
670 ## - SOURCE DATA FOUND
- Source citation: Work cat.: (Cidap): Comité Editorial Bartra, Roger 1772, Instituciones de la Sociedad Primitiva , 1964





